000 00834nam a22002897a 4500
003 CHAP
005 20220329133211.0
008 971013s1951 r 00010 d
010 _a3283
011 _a4255
035 _a3457
040 _cCHAP
082 _a311
_bY68
100 0 0 _aYouden, W. J.
_9123185
245 _aStatistical methods for chemists
260 _aNew York :
_bWiley,
_c1951
300 _a126 p.
590 _aBATCH-UPD
_b10
_c20130110
_lUCH01
_h1559
590 _aBATCH-UPD
_b10
_c20130410
_lUCH01
_h0956
590 _aBATCH-UPD
_b10
_c20130914
_lUCH01
_h1323
590 _aCONVERSION
_b10
_c20130109
_lUCH01
_h1303
650 1 4 _aEstadística.
_938241
650 1 4 _aQuímica
_xMétodos estadísticos.
_993569
901 _aBK
942 _cLIBRO
949 _a311 Y68
_bBC
_cLIBRO
_d33724000301875
_eLIBRO
_h28213
_i3457
_si
999 _c3283
_d3283